zpět

Detail výsledku týmu

Spirit Bar - Žižkov, Praha

Datum a čas kvízu

25.5 Celkem bodů Celkový počet nahraných bodů na tomto kvízu bez doplňovacích otázek.
10. Pořadí na kvízu Konečné umístění týmu na tomto kvízu.

Zaznamenané odpovědi

# Otázka Odpověď Body Výsledky
1. Sociální sítě minulý týden obl... Frýdek-Mýstek 0
2. Donald Trump se kvůli obvinění... Georgia 0
3. O víkendu proběhl v areálu zná... Helfštýn, Hefaiston 0
4. Minulý týden se v Johannesburg... BRICS 0
5. V neděli skončilo atletické mi... smíšená štafeta (4 × 400 m), hod oštěpem 0
6. Jak se jmenoval vůdce chilské... Augusto Pinochet 0
7. V dubnu 1961 došlo za podpory... Zátoka sviní 0
8. Z obav před atentátem nechal g... Myanmar 0
9. Přiřaď diktátora k zemi, kde p... 1D 2A 3B 4C 1
10. Který herec hrál hlavní roli v... Sacha Baron Cohen 1